| 000 -ლიდერი |
| ფიქსირებული სიგრძის საკონტროლო ველი |
01037nam a22001937a 4500 |
| 003 - საკონტროლო ნომრის იდენტიფიკატორი |
| საკონტროლო ველი |
Ge_BSU |
| 005 - ბოლო ოპერაციის თარიღი და დრო |
| საკონტროლო ველი |
20251111201512.0 |
| 008 - ფიქსირებული სიგრძის მონაცემთა ელემენტები - ზოგადი ინფორმაცია |
| ფიქსირებული სიგრძის საკონტროლო ველი |
251111s1987 ge ||||| |||| 00| 0 geo d |
| 041 ## - ენის კოდი |
| Language code of text/sound track or separate title |
geo |
| 080 ## - უნივერსალური ათობითი კლასიფიკაციის ინდექსი |
| Universal Decimal Classification number |
330.101(479.22) ჩ-69 |
| 100 ## - მთავარი ჩანაწერი - პიროვნების სახელი |
| Personal name |
ჩიქავა, ლეო. |
| 9 (RLIN) |
26198 |
| 245 ## - ცნობა სათაურის შესახებ |
| Title |
არამატერიალური წარმოების სფეროს პოლიტეკონომიური ასპექტები / |
| Statement of responsibility, etc |
ლეო ჩიქავა; [რედ.: მ. გველესიანი] ; საქ სსრ მეცნ. აკად., ეკონომიკისა და სამართლის ინ-ტი |
| 264 ## - წარმოების, გამოცემის, დისტრიბუციის და სხვა ცნობები |
| გამოცემის, წარმოების, დისტრიბუციის... ადგილი |
თბ. : |
| გამოცემის, წარმოების, დისტრიბუციის... სახელწოდება |
მეცნიერება, |
| გამოცემის, წარმოების, დისტრიბუციის... თარიღი |
1987. |
| 300 ## - ფიზიკური აღწერა |
| Extent |
366 გვ. ; |
| Other physical details |
22 სმ. |
| 504 ## - BIBLIOGRAPHY, ETC. NOTE |
| Bibliography, etc |
ბიბლიოგრ. ტექსტის შენიშვნ. |
| 520 ## - SUMMARY, ETC. |
| Summary, etc |
რეზ. რუს. ენ. |
| 700 ## - ADDED ENTRY--PERSONAL NAME |
| Personal name |
გველესიანი, მ. |
| Relator term |
რედაქტორი |
| 9 (RLIN) |
26199 |
| 942 ## - ADDED ENTRY ELEMENTS (KOHA) |
| Source of classification or shelving scheme |
|
| Koha item type |
წიგნი |